000 00542nam a2200181Ia 4500
001 7634
005 20260306160509.0
008 260306t2013||||xx |||||||||||||| ||spa||
041 _aESP
082 _a352.7
_bI49I
110 _aInstituto Nacional de Defensa de la Competencia y de la Protección de la Propiedad Intelectual (Perú)
_eAUT
245 0 _aEl Indecopi a sus veinte años:
_bla historia de una innovación
260 _c2013
300 _a201 páginas :
_c27 cm.
650 _aGEN
654 _aCAN
942 _cLIB
_dJUS
_fJUS
_2ddc
_n
999 _c7634
_d7634